000
00278nam a22001217a 4500
008
230607b xxu||||| |||| 00| 0 eng d
020
_a
0004483693
082
_a
912
_b
COL
245
_a
Collins World Atlas
260
_b
Harper collins publishers
300
_a
64p
942
_2
ddc
_c
BK
999
_c
808
_d
808